000 00727 a2200217 4500
005 20080901170917.0
008 080901t xxu||||| |||| 00| p eng d
010 _aENG-87507
020 _a8181573684
_c180.00
035 _aEN-71040
037 _bDBAD / PUB
082 _a881
100 _aZoeb, Huzaifa
245 _aLifting the world
_cby Huzaifa Zoeb
260 _aCalcutta
_bWriters Workshop
_c2005
270 _a162/92, Lake Gardens,
_bCalcutta
_e700 045
300 _a84p.
_c22 cm (Hb)
490 _aWriters workshop redbird book
942 _adpl
_cEN
_k881 / ZOE
_2ddc
_h881
_mZOE
999 _c6633
_d6633